000 00278nam a22001217a 4500
008 171023b xxu||||| |||| 00| 0 eng d
041 _aeng
080 _a338
100 _a55
101 _aMEN
245 _aFUNDAMNETALS OF BEHAVIORAL STATISTICS
_cHABER.A
942 _2udc
_cBK
999 _c35584
_d35584